000 00198nam a2200085Ia 4500
008 120527s9999 xx 000 0 und d
100 _aFriedrichmen, L.
245 _aMicrosoft Access 2000
942 _cBK
999 _c27792
_d27792